000 00784cab a2200217 4500
001 ABS49426
008 090401t1993 xxu||||| |||| 00| 0 eng d
035 _a(Sirsi) u71187
041 _aeng
100 _aLyall, S.
245 _aTimber frame in action
260 _c1993
350 _a0
490 _aHouse Builder
_v52(10) October 1993, 40-48(5)
520 _aA recent BRE report, the result of a 10-year programme, has given timber frame construction approval. The timber frame market was dealt a blow nearly a decade ago after a TV documentary reported that timber frame construction did not perform well in the UK.
650 _aRESEARCH
650 _aTIMBER FRAME CONSTRUCTION
690 _aBUILT ENVIRONMENT-BUILDING PATHOLOGY
942 _n0
948 _c04/03/1997
999 _c44846
_d44846